Eight years overseas, 1939-1947. (Record no. 551988)
[ view plain ]
| 000 -LEADER | |
|---|---|
| fixed length control field | 00532cam a2200157u 4500 |
| 082 ## - DEWEY DECIMAL CLASSIFICATION NUMBER | |
| Classification number | 940.548 |
| Author Mark | WIL |
| -- | L-30. p-31. |
| 100 1# - MAIN ENTRY--PERSONAL NAME | |
| Personal name | Wilson, Henry Maitland Wilson, |
| 9 (RLIN) | 49152 |
| 245 10 - TITLE STATEMENT | |
| Title | Eight years overseas, 1939-1947. |
| 260 ## - PUBLICATION, DISTRIBUTION, ETC. | |
| Place of publication, distribution, etc. | London, |
| Name of publisher, distributor, etc. | N[ew] Y[ork] Hutchinson |
| Date of publication, distribution, etc. | [1950] |
| 300 ## - PHYSICAL DESCRIPTION | |
| Extent | 285 p. |
| Other physical details | illus., port., maps. |
| Dimensions | 24 cm. |
| 526 ## - STUDY PROGRAM INFORMATION NOTE | |
| Program name | 0 |
| Interest level | 0 |
| Reading level | 0 |
| Title point value | 940_548000000000000_WIL |
| 650 #0 - SUBJECT ADDED ENTRY--TOPICAL TERM | |
| Topical term or geographic name entry element | MCE |
| 9 (RLIN) | 379 |
| 650 #0 - SUBJECT ADDED ENTRY--TOPICAL TERM | |
| Topical term or geographic name entry element | World War, 1939-1945 |
| 9 (RLIN) | 28174 |
| 650 #0 - SUBJECT ADDED ENTRY--TOPICAL TERM | |
| Topical term or geographic name entry element | World War, 1939-1945 |
| General subdivision | Campaigns |
| Geographic subdivision | Mediterranean Region. |
| 9 (RLIN) | 49153 |
| 942 ## - ADDED ENTRY ELEMENTS (KOHA) | |
| Source of classification or shelving scheme | |
| Koha item type | Book |
| Withdrawn status | Lost status | Source of classification or shelving scheme | Damaged status | Not for loan | Permanent Location | Current Location | Date acquired | Total Checkouts | Full call number | Barcode | Date last seen | Price effective from | Koha item type |
|---|---|---|---|---|---|---|---|---|---|---|---|---|---|
| Military College of Engineering (MCE) | Military College of Engineering (MCE) | 01/02/2015 | 940.548 WIL | MCE-40234 | 01/02/2015 | 01/02/2015 | Book |
